000 01520cam a22004574i 4500
003 PE-LiUPU
005 20250731173322.0
008 150625s1992 ck r 000 0 spa d
020 _a1560631910
035 _a(Sirsi) i9781560631910
040 _aPE-LiUPU
_bspa
_cPE-LiUPU
_erda
049 _aPRUA
082 0 4 _a220.3
_bR77
_221
100 1 _aRojas, Juan,
_eautor.
245 1 0 _aDiccionario popular de la Biblia /
_cJuan Rojas.
250 _a4a
264 1 _a[Bogotá] :
_bUNILIT; Logol,
_c1992.
300 _a253 páginas ;
_c21 centímetros
336 _atext
_2rdacontent
337 _aunmediated
_2rdamedia
338 _avolume
_2rdacarrier
505 0 _aSignificado de palabras bíblicas Diccionario.s
526 _aSEG42
526 _aSEG41
526 _aSEG40
526 _aSEG39
526 _aP94
526 _aP87
526 _aP86
526 _aP85
526 _aP77
526 _aP76
526 _aP35
541 _g003-0003441;
630 _aBiblia
_vDiccionarios.
_95969
942 _2ddc
_cBOOK
949 _a220.3 R77
_wDEWEY
_c1
_i57650
_d2016-6-7
_e2016-6-5
_lCCODEBUL1
_mBUL
_n1
_p7.00
_r0
_sY
_tBOOK
_u2015-6-25
_xTEOLOGIA
_zUNKNOWN
_0COMPRA
_o.STAFF. Colección Teología
994 _aC0
_bPEPRU
596 _a1
999 _a220.3 R77
_wDEWEY
_c46665
_i57650
_d46665
_e2016-6-5
_f2021-11-9
_g5
_lCCODEBUL1
_mBUL
_n1
_p7.00
_q6
_r0
_sY
_tBOOK
_u2015-6-25
_xTEOLOGIA
_PP35
_0COMPRA
_o.STAFF. Colección Teología
980 _81
_gALBERTO SANCHEZ Responsable de Automatización